Türk Rock Müzik Grupları - Armageddon - Statistics

General Stats
  • This quiz has been taken 172 times
  • The average score is 13 of 20
Answers on the Grid
Answers color-coded by a green-red scale on the quiz's grid according to % correct below.
MaNga
Çilekeş
Bi-2
mor ve ötesi
Republika
Deus
Golden Earring
Duman
Moğollar
Kaveret
Yüksek Sadakat
Gripin
Seksendört
Bambir
Loudspeakers
Zakkum
Model
Brainstorm
Kiosk
Nautilus Pompilius
Antis
Pinhani
Replikas
Gece
Iris
MFÖ
Smak
Adonis
Vega
Kargo
Coldünya
Aphrodite's Child
Mavi Sakal
Pilli Bebek
Azra
Film
Kök
Omega
Grup Vitamin
 
Answer Stats
Answer % Correct
MaNga
95%
mor ve ötesi
92%
Duman
86%
Yüksek Sadakat
85%
Seksendört
83%
Gripin
81%
Model
78%
MFÖ
77%
Pinhani
77%
Zakkum
74%
Moğollar
70%
Pilli Bebek
70%
Kargo
69%
Grup Vitamin
67%
Çilekeş
58%
Mavi Sakal
52%
Vega
49%
Gece
48%
Kök
13%
Replikas
10%
No matching quizzes found
Score Distribution
Percent of People with Each Score
Percentile by Number Answered
Your Score History
You have not taken this quiz